MARC details
| 000 -CABECERA |
| campo de control de longitud fija |
01156nam a2200205 a 4500 |
| 001 - NÚMERO DE CONTROL |
| campo de control |
000044393 |
| 005 - FECHA Y HORA DE LA ÚLTIMA TRANSACCIÓN |
| campo de control |
20201002045337.0 |
| 008 - DATOS DE LONGITUD FIJA--INFORMACIÓN GENERAL |
| campo de control de longitud fija |
140627s2009 dr a 000 0 spa d |
| 040 ## - FUENTE DE LA CATALOGACIÓN |
| Centro catalogador/agencia de origen |
DO-SdBNP |
| Lengua de catalogación |
spa |
| Centro/agencia transcriptor |
BNPHU |
| 082 ## - NÚMERO DE LA CLASIFICACIÓN DECIMAL DEWEY |
| Número de clasificación |
xxxx |
| Número de documento/Ítem |
xxxx |
| 245 00 - MENCIÓN DE TÍTULO |
| Título |
Cuentos de la reserva de la biósfera : |
| Resto del título |
Jaragua, Bahoruco, Enriquillo / |
| Mención de responsabilidad, etc. |
María Amalia León; María Teresa Ruiz de Catrain; Natacha Calderón Cabral ; ilustraciones Tania Marmolejo. |
| 260 ## - PUBLICACIÓN, DISTRIBUCIÓN, ETC. |
| Lugar de publicación, distribución, etc. |
Santo Domingo : |
| Nombre del editor, distribuidor, etc. |
Propagas, |
| Fecha de publicación, distribución, etc. |
2009. |
| 300 ## - DESCRIPCIÓN FÍSICA |
| Extensión |
[32, 36, 36] p. : |
| Otras características físicas |
il. + CD ; |
| Dimensiones |
21 cm. |
| 505 0# - NOTA DE CONTENIDO CON FORMATO |
| Título |
Contiene : Cuando el viento habla... / |
| Mención de responsabilidad |
María Amalia León |
| Título |
¡Es la tierra más hermosa que ojos jamás hayan visto! |
| Mención de responsabilidad |
María Teresa Ruiz de Catrain / |
| Título |
Tambor y misterio al pié del guayacan / |
| Mención de responsabilidad |
Natacha Calderón Cabral |
| 563 ## - NOTA DE ENCUADERNACIÓN |
| Nota de encuadernación |
Tres obras publicadas juntas con paginación independientes |
| 700 12 - PUNTO DE ACCESO ADICIONAL--NOMBRE DE PERSONA |
| Nombre de persona |
Cuando el viento habla... |
| Título de la obra |
León, María Amalia |
| 9 (RLIN) |
72402 |
| 700 12 - PUNTO DE ACCESO ADICIONAL--NOMBRE DE PERSONA |
| Nombre de persona |
Ruiz de Catrain, María Teresa |
| Título de la obra |
¡Es la tierra más hermosa que ojos jamás hayan visto! |
| 9 (RLIN) |
72403 |
| 700 12 - PUNTO DE ACCESO ADICIONAL--NOMBRE DE PERSONA |
| Nombre de persona |
Calderón Cabral, Natacha |
| Título de la obra |
Tambor y misterio al pié del guayacan |
| 9 (RLIN) |
72404 |
| 700 1# - PUNTO DE ACCESO ADICIONAL--NOMBRE DE PERSONA |
| Nombre de persona |
Marmolejo, Tania |
| Término indicativo de función/relación |
ilu. |
| 9 (RLIN) |
57579 |